000 01071nam a2200217 i 4500
001 164590
003 ES-MaACL
005 20250806024741.0
008 010427s1888 sp |||| | spa d
100 1 _aSánchez Moguel, Antonio,
_d1838-1913
_9102783
245 1 0 _aDiscurso de Antonio Sánchez Moguel leído en la velada literaria que celebró el Ateneo Científico, Artístico y Literario de Madrid en honor del insigne poeta Manuel Fernández y González el 6 de febrero de 1888.
260 _aMadrid :
_b[s.n.],
_c1888 (
_fTip. de Manuel G. Hernández)
300 _a15 p. ;
_c24 cm.
530 _aDisponible en formato digital.
600 1 4 _aFernández y González, Manuel,
_d1821-1888
_950183
610 2 4 _aAteneo de Madrid-
_vVeladas literarias.
_91935
610 2 4 _aAteneo de Madrid-
_vConferencias-
_yS.XIX.
_91910
852 _aES-MaACL
_jT-871-F-4
_z- Enc. hol. conservando cub. original
_z- Enc. en un vol. facticio
856 _uhttp://bdh-rd.bne.es/viewer.vm?id=0000243085&page=1
_zBiblioteca Digital Hispánica
999 _c164590
_d164590